Normal view
MARC view
- Association for Commonwealth Language and Literature Studies.
Entry Corporate Name
001 - CONTROL NUMBER
- control field: 105616
003 - CONTROL NUMBER IDENTIFIER
- control field: NUST
005 - DATE AND TIME OF LATEST TRANSACTION
- control field: 20221222101448.0
008 - FIXED-LENGTH DATA ELEMENTS
- fixed length control field: 221222|| aca||aabn | a|a d
040 ## - CATALOGING SOURCE
- Original cataloging agency: NUST
- Transcribing agency: NUST
110 ## - HEADING--CORPORATE NAME
- Corporate name or jurisdiction name as entry element: Association for Commonwealth Language and Literature Studies.
- Subordinate unit: Conference
- Number of part/section/meeting: (13th :
- Date of meeting or treaty signing: 2004 :
- Location of meeting: Hyderabad, India)
670 ## - SOURCE DATA FOUND
- Source citation: Work cat.: (NUST)0: Association for Commonwealth Language and Literature Studies. Conference (13th : 2004 : Hyderabad, India), Nation in imagination :, 2007.
